00290nam a2200121Ia 4500008004100000041000800041082001600049100001500065245002800080260002900108300001200137999001900149230724s2022 xx 000 0 und d aeng a346.043/NAN aAMIT NANDA aMAHA. LAND REVENUE CODE aMumbaibSnow Whitec2022 a1-145p. c750636d750636